| 000 | 01145nam a2200289 i 4500 | ||
|---|---|---|---|
| 001 | bg | ||
| 003 | BPK | ||
| 005 | 20191002090811.0 | ||
| 008 | 011025s2001 pl f |000 0 pol | ||
| 020 | _a8320426022 | ||
| 040 | _cBPK | ||
| 041 | 1 |
_apol _heng |
|
| 080 | _a004.438 | ||
| 080 | _a(07) | ||
| 100 | 1 | _aVandevoorde, David. | |
| 245 | 1 | 0 |
_aJęzyk C++ : _bćwiczenia i rozwiązania / _cDavid Vandevoorde ; z ang. przeł. Janina Mincer-Daszkiewicz. |
| 246 |
_iTyt. oryg.: _aC++ solutions : companion to the C++ programming language |
||
| 260 |
_aWarszawa : _bWydawnictwa Naukowo-Techniczne, _c2001. |
||
| 300 |
_aX, 287, [1] s. : _bil. ; _c24 cm. |
||
| 500 | _aTyt. oryg.: "C++ solutions : companion to the C++ programming language" 1998. - Rozwiązania wybranych ćwiczeń z 5 wyd. podręcznika "Język C++" Bjarne'a Stroustrupa. | ||
| 504 | _aIndeks. | ||
| 650 | 4 | _aC++ (język programowania) | |
| 655 | 4 | _aPodręcznik | |
| 710 | 2 |
_aWydawnictwa Naukowo-Techniczne _4pbl. |
|
| 856 |
_uhttps://koha.tu.koszalin.pl/cgi-bin/koha/opac-detail.pl?biblionumber=40145 _yKatalog online BPK |
||
| 942 |
_cKS _2UKD |
||
| 999 |
_c40145 _d40145 |
||